Estatísticas para Maiores Cidades do Brasil de A a Z

Clique aqui para jogar o quiz

Estatísticas Gerais

  • Esse quiz foi jogado 65 vezes
  • A pontuação média é 12 de 25

Estatísticas das Respostas

LetraCidadePopulaçãoRanking Geral% Correto
SSão Paulo11.451.999
96%
RRio de Janeiro6.211.223
94%
BBrasília2.817.381
89%
FFortaleza2.428.708
85%
CCuritiba1.773.718
80%
MManaus2.063.689
80%
PPorto Alegre1.332.84511º
80%
GGoiânia1.437.36610º
78%
AAracaju602.75736º
57%
JJoão Pessoa833.93220º
52%
TTeresina866.30019º
50%
UUberlândia713.22428º
48%
LLondrina555.96537º
39%
OOsasco728.61526º
37%
NNova Iguaçu785.86723º
35%
DDuque de Caxias808.16122º
30%
HHortolândia236.641126º
26%
XXanxerê52.290657º
26%
VVila Velha467.72247º
22%
IItaquaquecetuba369.27569º
17%
QQueimados140.523213º
17%
KKaloré3.9964.711º
11%
ZZé Doca52.190659º
11%
EEmbu das Artes250.691116º
9%
WWenceslau Guimarães20.8621.724º
7%

Distribuição das Pontuações

Percentil de Números Respondidos

Porcentagem de Pessoas com Cada Pontuação

Sua Pontuação Histórica

Você não jogou esse quiz